000 00709nmc a2200253 a 4500
003 AR-BaBNM
005 20251128203434.0
008 256019s1967 ||||||||||||||000 | spa||
040 _cAR-BaBNM
100 1 _aAnderson Imbert, Enrique
245 1 0 _aLa originalidad de Rubén Darío
260 _aBuenos Aires
_bCentro Editor de América Latina
_c1967
300 _a290 p.
490 0 _aBiblioteca de literatura. Literatura hispanoamericana
500 _aContiene índice onomástico
650 4 _aANALISIS LITERARIO
650 4 _aCRITICA LITERARIA
650 4 _aBIOGRAFIAS
653 _aMODERNISMO
653 _aLITERATURA NICARAGUENSE
655 _aLITERATURA
942 _cBK
998 _cisola
999 _c3393
_d3393